ბათუმის შოთა რუსთაველის სახელმწიფო უნივერსიტეტის ბიბლიოთეკა

Врач. №10. Октябрь 2017 (ბიბ.ჩანაწერი № 54512)

000 -LEADER
fixed length control field 00705nam a2200217Ia 4500
001 - CONTROL NUMBER
control field 21575
003 - CONTROL NUMBER IDENTIFIER
control field GE_BSU
008 - FIXED-LENGTH DATA ELEMENTS--GENERAL INFORMATION
fixed length control field 181216s||||||||xx |||||||||||||| ||und||
040 ## - CATALOGING SOURCE
Transcribing agency GE_BSU
245 ## - TITLE STATEMENT
Title Врач. №10. Октябрь 2017
245 ## - TITLE STATEMENT
Remainder of title Ежемесячный научно-практический журнал
245 ## - TITLE STATEMENT
Statement of responsibility, etc. Гл.ред. Денисов И.Н. и др,
260 ## - PUBLICATION, DISTRIBUTION, ETC.
Place of publication, distribution, etc. Москва
260 ## - PUBLICATION, DISTRIBUTION, ETC.
Date of publication, distribution, etc. 2017
300 ## - PHYSICAL DESCRIPTION
Extent 87 стр. 29см. илл.
653 ## - INDEX TERM--UNCONTROLLED
Uncontrolled term Врач. №10. Октябрь 2017
653 ## - INDEX TERM--UNCONTROLLED
Uncontrolled term ежемесячный научно-практический журнал
653 ## - INDEX TERM--UNCONTROLLED
Uncontrolled term Периодика
653 ## - INDEX TERM--UNCONTROLLED
Uncontrolled term პერიოდიკა
942 ## - ADDED ENTRY ELEMENTS (KOHA)
Koha item type პერიოდიკა
ეგზემპლარები
Withdrawn status Lost status Damaged status Not for loan Date acquired Barcode Date last seen Price effective from Koha item type Public note
        2018-12-17 p 78889 2018-12-17 2018-12-17 პერიოდიკა პერიოდიკა